Introduction to heat transfer

Uloženo v:
Podrobná bibliografie
Hlavní autoři: Incropera, Frank P (Autor), DeWitt, David P (Autor)
Médium: Kniha
Jazyk:angličtina
Vydáno: Nueva York John Wiley 1985
Témata:
Tagy: Přidat tag
Žádné tagy, Buďte první, kdo vytvoří štítek k tomuto záznamu!

MARC

LEADER 00000nam a2200000 a 4500
001 UCU3675
003 CL-VaPUC
008 960510e19850000US |||||||||||||||||eng|d
082 0 4 |a 536.2  |b INC  |2 21 
100 |a Incropera, Frank P  |e author  |9 566631 
700 0 |a DeWitt, David P  |e author  |9 360766 
245 1 0 |a Introduction to heat transfer 
300 |a 711 p 
942 |c BK 
945 |d 19960510 00:00:00  |a paguirre 
260 |a Nueva York  |b John Wiley  |c 1985 
650 0 |a Transmisión de calor  |9 259410 
650 0 |a Termodinámica   |9 259320 
650 0 |a Conductividad térmica   |9 360550 
650 0 |a Calor específico  |9 259409 
583 |a last modification  |c 19960510 00:00:00  |k Rodrigo Vera 
999 |c 247602  |d 247600 
952 |0 0  |1 0  |4 0  |6 536_200000000000000_INC_1985  |7 0  |8 A  |9 263618  |a BIBING  |b BIBING  |d 2019-11-19  |i 1656856  |l 1  |o 536.2 INC 1985  |p 1656856  |r 2025-01-20  |s 2023-03-28  |w 2019-11-19  |y BK  |k ING